Seul chez les canaques: Jean Godefroy, apôtre des cannibales

Uloženo v:
Podrobná bibliografie
Hlavní autor: Renaudy, Claude
Médium: Kniha
Jazyk:francouzština
Vydáno: París, Francia Bloud & Gay 1938
Témata:
Tagy: Přidat tag
Žádné tagy, Buďte první, kdo vytvoří štítek k tomuto záznamu!

MARC

LEADER 00000nam a2200000 a 4500
001 UCJ5372
003 CL-VaPUC
005 20250227100123.0
008 070124e19380000FR |||||||||||||||||fre|d
999 |c 321481  |d 321479 
040 |c Pontificia Universidad Católica de Valparaíso 
082 0 4 |a 910.4 REN 1938  |2 21 
100 0 |a Renaudy, Claude  |9 510491 
245 1 0 |a Seul chez les canaques: Jean Godefroy, apôtre des cannibales 
260 0 3 |a París, Francia  |b Bloud & Gay  |c 1938 
300 |a 218 páginas. 
583 |a last modification  |c 20070124 00:00:00  |k Rodrigo Vera 
600 0 7 |a GODEFROY, JEAN  |2 CL-VaPUC  |9 510492 
650 0 |a Viajes  |9 257115 
650 0 |a Misioneros  |9 324171 
650 0 |a Aborígenes  |9 329972 
650 0 |a Mapas  |9 260844 
651 7 |a NUEVAS HEBRIDAS  |2 CL-VaPUC  |9 505876 
942 |c BK  |2 ddc 
945 |d 20070124 00:00:00  |a rinostro 
952 |0 0  |1 0  |2 ddc  |4 0  |6 910_400000000000000_REN_1938  |7 0  |8 X  |9 400240  |a FDOBUD  |b FDOBUD  |d 2019-11-22  |i 1033840  |o 910.4 REN 1938  |p 1033840  |r 2019-11-22  |t 1  |w 2019-11-22  |y BK_X  |k BUD